000 00432pam a2200169 a 4500
020 _a0256083223
040 _cDLC
082 0 0 _a658 LRW 1991 A045 Or.
100 1 _aPearce, John A.
245 1 0 _aCases in strategic management /
250 _a2nd ed.
260 _aHomewood, IL :
_bIrwin,
_cc1991.
300 _ax, 661 p. :
_bill., maps ;
_c24 cm.
650 0 _aStrategic planning
700 1 _aRobinson, Richard B.
942 _cEK
999 _c13246
_d13246